[Event "France Jeunes Belfort 2017"]
[Site "Belfort"]
[Date "2017.04.19"]
[Round "5.1"]
[White "Thomas, Amaryllis"]
[Black "Aubert, Estee"]
[Result "0-1"]
[WhiteElo "1695"]
[BlackElo "1741"]
[PlyCount "80"]
[EventDate "2017.??.??"]
[TimeControl "6000+1430"]
[WhiteClock "0:01:16"]
[BlackClock "0:10:50"]

1. e4 c5 2. Nf3 e6 3. d4 cxd4 4. Nxd4 Nf6 5. Nc3 Nc6 6. Be2 Bb4 7. Bf3 d5 8.
Nxc6 bxc6 9. e5 Nd7 10. Qd4 Bc5 11. Qf4 Qc7 12. Na4 Be7 13. O-O Qxe5 14. Qg4
Bd6 15. g3 h5 16. Qh4 Be7 17. Qh3 Qf6 18. Qg2 Ba6 19. Re1 Ne5 20. Bd1 Ng4 21.
Rb1 Bb4 22. c3 Bd6 23. Bc2 g5 24. Be3 Nxe3 25. Rxe3 g4 26. Rd1 Kd7 27. b3 h4
28. c4 Rh5 29. c5 Bc7 30. Nb2 Qxb2 31. f4 Rah8 32. f5 Qf6 33. Be4 Qh6 34. Ree1
hxg3 35. Bxd5 cxd5 36. Rxd5+ exd5 37. Qxd5+ Kc8 38. Qa8+ Bb8 39. Re6 gxh2+ 40.
Kh1 Qc1+ 0-1

[Event "France Jeunes Belfort 2017"]
[Site "Belfort"]
[Date "2017.04.19"]
[Round "5.2"]
[White "Bellahcene, Anissa"]
[Black "Afraoui, Anaelle"]
[Result "0-1"]
[WhiteElo "1806"]
[BlackElo "1977"]
[PlyCount "64"]
[EventDate "2017.??.??"]
[TimeControl "6000+750"]
[WhiteClock "0:08:17"]
[BlackClock "0:15:26"]

1. e4 c5 2. c3 Nf6 3. e5 Nd5 4. d4 cxd4 5. Qxd4 Nb6 6. Bd3 Nc6 7. Qe4 g6 8. Qe2
Bg7 9. f4 d6 10. exd6 Qxd6 11. Nf3 O-O 12. O-O Rd8 13. Bc2 Be6 14. Na3 Rac8 15.
Ng5 Bd5 16. Bb3 Bxb3 17. axb3 Qd3 18. Qg4 Nd5 19. Rd1 Ne3 20. Bxe3 Qxe3+ 21.
Kh1 Qf2 22. Nc4 b5 23. Na5 Nxa5 24. Rxa5 Rxd1+ 25. Qxd1 Qxb2 26. Rxa7 Rxc3 27.
Ra8+ Bf8 28. Rxf8+ Kxf8 29. Qd8+ Kg7 30. Ne6+ Kh6 31. Qf8+ Kh5 32. Ng7+ Kg4 0-1

[Event "France Jeunes Belfort 2017"]
[Site "Belfort"]
[Date "2017.04.19"]
[Round "5.2"]
[White "Conti, Anne-Marie"]
[Black "Georges, Lisa"]
[Result "1-0"]
[WhiteElo "1712"]
[BlackElo "1704"]
[PlyCount "35"]
[EventDate "2017.??.??"]
[TimeControl "6000+1065"]
[WhiteClock "0:25:36"]
[BlackClock "0:22:12"]

1. d4 Nf6 2. c4 c5 3. d5 b5 4. Nf3 e6 5. e3 exd5 6. cxd5 a6 7. Bd3 Qe7 8. O-O
g6 9. e4 d6 10. e5 dxe5 11. Nxe5 Qd6 12. Re1 Be7 13. Bh6 Nxd5 14. Be4 Bb7 15.
Nc3 Qxe5 16. Bxd5 Qf6 17. Bxb7 Ra7 18. Nd5 1-0

[Event "France Jeunes Belfort 2017"]
[Site "Belfort"]
[Date "2017.04.19"]
[Round "5.2"]
[White "Maache, Jawad"]
[Black "Zachary, Matheo"]
[Result "0-1"]
[WhiteElo "2119"]
[BlackElo "2267"]
[PlyCount "54"]
[EventDate "2017.??.??"]
[TimeControl "6000+1370"]
[WhiteClock "0:00:34"]
[BlackClock "0:55:00"]

1. d4 d5 2. c4 e6 3. Nc3 c5 4. cxd5 cxd4 5. Qxd4 Nc6 6. Qd1 exd5 7. Qxd5 Bd7 8.
a3 Nf6 9. Qd1 Bc5 10. e3 Qe7 11. Nf3 O-O-O 12. Bd2 Kb8 13. Be2 g5 14. O-O g4
15. Ne1 Ne5 16. b4 Bb6 17. Qc2 Bc7 18. Rd1 Rhg8 19. e4 Nf3+ 20. Nxf3 gxf3 21.
Bxf3 Ng4 22. Bxg4 Bxg4 23. Nd5 Rxd5 24. exd5 Bxh2+ 25. Kxh2 Qh4+ 26. Kg1 Bf3
27. Bf4+ Qxf4 0-1

[Event "France Jeunes Belfort 2017"]
[Site "Belfort"]
[Date "2017.04.19"]
[Round "5.2"]
[White "Marcellier, Lucie"]
[Black "Sumarriva Paulin, Laura"]
[Result "0-1"]
[WhiteElo "1557"]
[BlackElo "1521"]
[PlyCount "66"]
[EventDate "2017.??.??"]
[TimeControl "6000+725"]
[WhiteClock "0:07:01"]
[BlackClock "0:08:19"]

1. d4 d5 2. Bg5 Nf6 3. Bxf6 exf6 4. e3 c6 5. Nf3 Bg4 6. Be2 Bd6 7. c4 dxc4 8.
Bxc4 O-O 9. Nc3 Nd7 10. O-O Nb6 11. Bd3 Re8 12. h3 Be6 13. Ne4 Bf8 14. Ng3 Qc7
15. Nh4 g6 16. Ne4 Bg7 17. Nf3 Rad8 18. Nh2 Bd5 19. Ng3 Qd6 20. h4 c5 21. dxc5
Qxc5 22. Rc1 Qd6 23. a3 Bxg2 24. Bxg6 Bxf1 25. Bxf7+ Kxf7 26. Qh5+ Kg8 27. Rxf1
Qd5 28. Qg4 Kh8 29. Nf5 Qf7 30. Kh1 Rg8 31. Qh3 Bf8 32. Ng4 Qd5+ 33. Kh2 Qxf5
0-1

[Event "France Jeunes Belfort 2017"]
[Site "Belfort"]
[Date "2017.04.19"]
[Round "5.2"]
[White "Mazzella, Enzo"]
[Black "Travadon, Loic"]
[Result "0-1"]
[WhiteElo "2111"]
[BlackElo "2348"]
[PlyCount "108"]
[EventDate "2017.??.??"]
[TimeControl "6000+1495"]
[WhiteClock "0:01:09"]
[BlackClock "0:08:39"]

1. d4 Nf6 2. Bf4 g6 3. Nc3 d6 4. e4 c6 5. Qd2 b5 6. Bd3 Bg7 7. Bh6 Bxh6 8. Qxh6
e5 9. dxe5 dxe5 10. Nf3 Nbd7 11. O-O Qe7 12. a4 b4 13. Nb1 a5 14. Nbd2 Rg8 15.
Qe3 Ng4 16. Qe2 Kf8 17. h3 Ngf6 18. Nc4 Kg7 19. Rfd1 Ba6 20. Nfxe5 Nxe5 21.
Nxe5 Qxe5 22. Bxa6 Rae8 23. b3 Nxe4 24. Bd3 Qf4 25. Bxe4 Rxe4 26. Qd2 Qe5 27.
Kf1 Re8 28. Re1 Kf6 29. Red1 Re6 30. g3 Re2 31. Qd3 Qc5 32. Qf3+ Kg7 33. Rd7
Rxf2+ 34. Qxf2 Rf6 35. Qxf6+ Kxf6 36. Rd2 Qc3 37. Rf2+ Kg7 38. Rd1 Qxg3 39. Rd3
Qe5 40. Rd7 Qe6 41. Rd3 h5 42. Re2 Qf5+ 43. Rf2 Qe4 44. Rdf3 f5 45. Rd3 Kh6 46.
Rg2 h4 47. Kg1 Kh5 48. Rd8 Qe1+ 49. Kh2 Qe5+ 50. Kh1 g5 51. Rd1 g4 52. hxg4+
fxg4 53. Rd3 Qe4 54. Kg1 Qe1+ 0-1

[Event "France Jeunes Belfort 2017"]
[Site "Belfort"]
[Date "2017.04.19"]
[Round "5.2"]
[White "Meillon, Judicael"]
[Black "Popov, Konstantin"]
[Result "1/2-1/2"]
[WhiteElo "1884"]
[BlackElo "2026"]
[PlyCount "115"]
[EventDate "2017.??.??"]
[TimeControl "6000+650"]
[WhiteClock "0:26:12"]
[BlackClock "0:17:31"]

1. e4 c5 2. Nc3 d6 3. Nf3 Nc6 4. d4 cxd4 5. Nxd4 Nxd4 6. Qxd4 a6 7. Bc4 e5 8.
Qd3 Be7 9. Be3 Nf6 10. f3 O-O 11. O-O-O Be6 12. Nd5 Bxd5 13. Bxd5 Qc7 14. g4
Rac8 15. Rd2 Nxd5 16. Qxd5 Qc4 17. Qxc4 Rxc4 18. Rhd1 g6 19. b3 Rc6 20. f4 exf4
21. Bxf4 Re8 22. Re2 Bf8 23. Rd4 b5 24. Kd2 Rec8 25. Kd1 Re8 26. Kd2 Re6 27. e5
dxe5 28. Rxe5 Rxe5 29. Bxe5 f6 30. Bf4 b4 31. Rd7 Re6 32. Kd3 Rc6 33. Rc7 Rxc7
34. Bxc7 Kf7 35. Kc4 f5 36. gxf5 gxf5 37. c3 bxc3 38. Kxc3 Ke6 39. Kd4 Bg7+ 40.
Ke3 Bf6 41. Kf3 Bg5 42. Bf4 Be7 43. Bc7 Bc5 44. h3 Kf6 45. Bf4 Kg6 46. Be3 Bb4
47. Bc1 Be7 48. Bb2 Bd6 49. Bc1 Kf6 50. Bf4 Bb4 51. Ke2 Ke6 52. Kd3 Kd5 53. Ke3
Be7 54. Bh6 Kc5 55. Kf4 Kb4 56. Kxf5 Ka3 57. Ke6 Bb4 58. Kd5 1/2-1/2

[Event "France Jeunes Belfort 2017"]
[Site "Belfort"]
[Date "2017.04.19"]
[Round "5.2"]
[White "Midy, Robin"]
[Black "Kieffer, Anatole"]
[Result "1-0"]
[WhiteElo "2137"]
[BlackElo "2263"]
[PlyCount "75"]
[EventDate "2017.??.??"]
[TimeControl "6000+985"]
[WhiteClock "0:02:42"]
[BlackClock "0:14:30"]

1. d4 Nf6 2. Bg5 e6 3. Nd2 c5 4. e3 d5 5. c3 Be7 6. Bd3 Nbd7 7. f4 O-O 8. Ngf3
b6 9. Ne5 Nxe5 10. fxe5 Ne4 11. Bxe7 Qxe7 12. Bxe4 dxe4 13. O-O Bb7 14. Qg4
cxd4 15. exd4 Kh8 16. Nxe4 f5 17. Qg5 Qxg5 18. Nxg5 Bd5 19. Nh3 a5 20. Rfc1
Rfe8 21. Nf4 Bc6 22. h4 b5 23. Rd1 g6 24. Rac1 a4 25. c4 bxc4 26. Rxc4 Be4 27.
Rc7 Rab8 28. Ra7 Rxb2 29. Rc1 Rb1 30. Rxb1 Bxb1 31. Rxa4 Kg8 32. Ra7 Be4 33. a4
Kh8 34. a5 Kg8 35. a6 Bc2 36. Rd7 Ra8 37. a7 Bb3 38. Rb7 1-0

[Event "France Jeunes Belfort 2017"]
[Site "Belfort"]
[Date "2017.04.19"]
[Round "5.2"]
[White "Rubsamen, Anais"]
[Black "Yuan, Beline"]
[Result "1-0"]
[WhiteElo "1610"]
[BlackElo "1845"]
[PlyCount "131"]
[EventDate "2017.??.??"]
[TimeControl "6000+1060"]
[WhiteClock "0:05:33"]
[BlackClock "0:02:44"]

1. Nf3 d5 2. c4 c6 3. b3 g6 4. Bb2 Nf6 5. d4 Bg7 6. Nc3 O-O 7. g3 Nbd7 8. Bg2
Nb6 9. c5 Nbd7 10. O-O b6 11. b4 Rb8 12. Rb1 Qc7 13. Re1 Rd8 14. Qa4 e5 15.
Nxe5 Nxe5 16. dxe5 Nd7 17. cxb6 Nxb6 18. Qc2 Nc4 19. e4 d4 20. Ne2 Nxb2 21.
Qxb2 c5 22. Qd2 d3 23. Nc3 Qxe5 24. Nd5 c4 25. Rbc1 Ba6 26. a4 Rbc8 27. Nc3 Bb7
28. Red1 Qe7 29. Rb1 Re8 30. Re1 Qc7 31. Nb5 Qb6 32. Nc3 Bd4 33. a5 Qf6 34.
Rbc1 Qe7 35. Nb5 Bf6 36. Nxa7 Ra8 37. Nb5 Ba6 38. e5 Bg5 39. f4 Bxb5 40. Bxa8
Rxa8 41. fxg5 Re8 42. Ra1 Rc8 43. Rac1 Kg7 44. h4 c3 45. Rxc3 Qxb4 46. Rec1
Qd4+ 47. Kh2 Rxc3 48. Rxc3 Qxe5 49. Rb3 Ba6 50. Qb2 Qxb2+ 51. Rxb2 Kf8 52. Kg2
Ke7 53. Kf3 Kd7 54. Ke3 Kc7 55. Rb6 Bc4 56. Rf6 Kb7 57. Rf4 Bb5 58. Rxf7+ Ka6
59. Rxh7 Kxa5 60. Rc7 Kb6 61. Rg7 Kc5 62. Rxg6 Kd5 63. Rg8 Ke5 64. h5 Bc4 65.
Rg7 Kf5 66. h6 1-0

[Event "France Jeunes Belfort 2017"]
[Site "Belfort"]
[Date "2017.04.19"]
[Round "5.2"]
[White "Tahay, Alexis"]
[Black "Lamard, Guillaume"]
[Result "1-0"]
[WhiteElo "2239"]
[BlackElo "2307"]
[PlyCount "89"]
[EventDate "2017.??.??"]

1. e4 e5 2. Nf3 Nc6 3. Bb5 a6 4. Ba4 Nf6 5. O-O Be7 6. Re1 b5 7. Bb3 d6 8. c3
O-O 9. h3 Nb8 10. d4 Nbd7 11. Nbd2 Bb7 12. Bc2 Re8 13. a4 Bf8 14. Bd3 c6 15.
Qc2 Rc8 16. axb5 cxb5 17. d5 Nh5 18. Nb3 Nf4 19. Na5 Ba8 20. g3 Nxd3 21. Qxd3
f5 22. exf5 Nc5 23. Qd1 Qd7 24. g4 Qf7 25. Nc6 Rxc6 26. dxc6 Bxc6 27. Be3 Qb7
28. Nh4 Ne4 29. g5 d5 30. Qh5 Rd8 31. Rad1 b4 32. f3 Nd6 33. g6 h6 34. Bxh6 Ne8
35. Bg5 Nf6 36. Bxf6 gxf6 37. f4 Qa7+ 38. Kh2 d4 39. fxe5 d3 40. Rd2 bxc3 41.
bxc3 Bg7 42. Qh7+ Kf8 43. exf6 Qc7+ 44. Kg1 Qg3+ 45. Ng2 1-0

[Event "France Jeunes Belfort 2017"]
[Site "Belfort"]
[Date "2017.04.19"]
[Round "5.3"]
[White "Chachiachvili, Mariam"]
[Black "Bartels, Karina"]
[Result "1/2-1/2"]
[WhiteElo "1694"]
[BlackElo "1759"]
[PlyCount "156"]
[EventDate "2017.??.??"]
[TimeControl "6000+1025"]
[WhiteClock "0:05:20"]
[BlackClock "0:02:15"]

1. e4 c5 2. Nf3 e6 3. d4 cxd4 4. Nxd4 Bc5 5. Nb3 Bb6 6. Nc3 Ne7 7. Bf4 d5 8.
exd5 exd5 9. Bb5+ Nbc6 10. O-O O-O 11. Na4 Bc7 12. Bxc7 Qxc7 13. Re1 Be6 14.
Nac5 Qb6 15. Qe2 Bf5 16. Bd3 Bxd3 17. Qxd3 Rad8 18. Rad1 Rfe8 19. Na4 Qb4 20.
Nc3 Qc4 21. Qxc4 dxc4 22. Rxd8 Rxd8 23. Na5 Nxa5 24. Rxe7 a6 25. Kf1 Kf8 26.
Re5 Nc6 27. Rc5 Rd2 28. Rxc4 Rxc2 29. b3 Ke8 30. Re4+ Kd7 31. Re3 b5 32. a3 b4
33. axb4 Nxb4 34. Ne4 f6 35. Rc3 Rxc3 36. Nxc3 Kc6 37. Ke2 Kc5 38. Kd2 Nc6 39.
Na2 Ne5 40. f3 a5 41. Kc3 Nc6 42. Nc1 Nb4 43. Ne2 Nd5+ 44. Kb2 Kb4 45. Nd4 Ne3
46. g4 Nf1 47. h3 Ne3 48. Nc6+ Kb5 49. Nd4+ Kb4 50. Nc6+ Kb5 51. Nd4+ Kb6 52.
Ne6 g5 53. Nf8 Nd1+ 54. Kc2 Nf2 55. Nxh7 Nxh3 56. Nxf6 Ng1 57. f4 Nf3 58. f5
Ne5 59. Nd5+ Kc5 60. Nf6 Kd6 61. Ne4+ Kd5 62. Nxg5 Nxg4 63. Kc3 Ke5 64. Nf3+
Kxf5 65. Nd4+ Ke5 66. Nc6+ Kd5 67. Nxa5 Kc5 68. Nb7+ Kb6 69. Nd6 Nf6 70. Kc4
Nd7 71. Nc8+ Kc6 72. Ne7+ Kb6 73. Nd5+ Kc6 74. Nb4+ Kb6 75. Nd3 Nb8 76. b4 Na6
77. b5 Nc7 78. Ne5 Nxb5 1/2-1/2

[Event "France Jeunes Belfort 2017"]
[Site "Belfort"]
[Date "2017.04.19"]
[Round "5.3"]
[White "Cohen Revivo, Shoham"]
[Black "David, Bogdan-Emanuel"]
[Result "1/2-1/2"]
[WhiteElo "2221"]
[BlackElo "2099"]
[PlyCount "136"]
[EventDate "2017.??.??"]
[TimeControl "6000+700"]
[WhiteClock "0:09:07"]
[BlackClock "0:05:01"]

1. e4 c5 2. Nc3 Nc6 3. Bb5 Nd4 4. Nf3 g6 5. O-O Bg7 6. Nxd4 cxd4 7. Ne2 Qb6 8.
Bc4 d6 9. d3 Nf6 10. a4 a5 11. Ra3 Nd7 12. c3 dxc3 13. Nxc3 O-O 14. Nd5 Qd8 15.
Bg5 Nf6 16. Bxf6 Bxf6 17. Nxf6+ exf6 18. Rb3 Bd7 19. Bb5 Be6 20. Rc3 Qb6 21.
Qf3 Kg7 22. Rfc1 Rac8 23. Qe2 Qd4 24. Kf1 Qe5 25. g3 d5 26. f4 Qd4 27. Qf2
Qxf2+ 28. Kxf2 dxe4 29. Rxc8 Rxc8 30. Rxc8 Bxc8 31. dxe4 Kf8 32. Ke3 Ke7 33.
Kd4 b6 34. Bc4 Be6 35. Bd5 Bd7 36. b3 f5 37. e5 Be6 38. Bc4 Kd7 39. Bb5+ Kc7
40. Kc3 Kb7 41. b4 axb4+ 42. Kxb4 Kc7 43. Be8 Kd8 44. Bc6 Kc7 45. Bf3 Bd7 46.
Bd5 Be6 47. Bf3 Bd7 48. h4 h6 49. h5 Be6 50. Be2 Kc6 51. Bb5+ Kc7 52. hxg6 fxg6
53. Bc4 Bc8 54. Bf7 g5 55. Kc4 Kd8 56. Kb5 Bd7+ 57. Kxb6 Bxa4 58. Be6 Bd7 59.
Bxd7 Kxd7 60. Kc5 Ke6 61. Kd4 g4 62. Ke3 Kd5 63. Kd3 h5 64. Ke3 Ke6 65. Kd4 Ke7
66. Ke3 Ke6 67. Kd4 Ke7 68. Kd3 Ke6 1/2-1/2

[Event "France Jeunes Belfort 2017"]
[Site "Belfort"]
[Date "2017.04.19"]
[Round "5.3"]
[White "Daeschler, Florian"]
[Black "Micottis, Dorian"]
[Result "0-1"]
[WhiteElo "2124"]
[BlackElo "2249"]
[PlyCount "76"]
[EventDate "2017.??.??"]
[TimeControl "6000+895"]
[WhiteClock "0:02:21"]
[BlackClock "0:19:12"]

1. c4 g6 2. Nc3 c5 3. g3 Bg7 4. Bg2 Nc6 5. Nf3 d6 6. O-O Bf5 7. d3 Qd7 8. Rb1
Bh3 9. a3 h5 10. Nd5 Rc8 11. b4 b6 12. Bb2 Bxb2 13. Rxb2 Bxg2 14. Kxg2 h4 15.
b5 Ne5 16. e4 e6 17. Ne3 f5 18. Nxe5 dxe5 19. exf5 Qb7+ 20. f3 gxf5 21. Qe2 Nf6
22. Nxf5 exf5 23. Qxe5+ Kf7 24. Qxf5 hxg3 25. hxg3 Rce8 26. Qf4 Qd7 27. g4 Qd4
28. Qxd4 cxd4 29. a4 Re3 30. Rd2 Nd7 31. a5 Nc5 32. axb6 axb6 33. Kg3 Kg6 34.
Rff2 Rf8 35. Kg2 Kg5 36. Rde2 Nxd3 37. Rxe3 dxe3 38. Ra2 e2 0-1

[Event "France Jeunes Belfort 2017"]
[Site "Belfort"]
[Date "2017.04.19"]
[Round "5.3"]
[White "Gospodaru, Teodora"]
[Black "De Talance, Berenice"]
[Result "1/2-1/2"]
[WhiteElo "1827"]
[BlackElo "1757"]
[PlyCount "90"]
[EventDate "2017.??.??"]
[TimeControl "6000+1405"]
[WhiteClock "0:00:42"]
[BlackClock "0:02:07"]

1. Nf3 c5 2. b3 d5 3. Bb2 Nf6 4. g3 Nc6 5. Bg2 e6 6. d4 Bd6 7. O-O O-O 8. c4
dxc4 9. dxc5 Bxc5 10. Qc2 Be7 11. Qxc4 Nd5 12. Rd1 Qb6 13. e4 Nf6 14. Nbd2 Bd7
15. Qe2 a5 16. Nc4 Qc7 17. Rac1 Rfd8 18. Nfe5 Be8 19. Nxc6 Rxd1+ 20. Rxd1 bxc6
21. Be5 Qa7 22. Bxf6 Bxf6 23. Nd6 Qc5 24. Qc4 Qb6 25. Rc1 Bd7 26. Qc5 Qxc5 27.
Rxc5 Bd4 28. Rc2 e5 29. Kf1 c5 30. Nb7 a4 31. Nxc5 Rc8 32. b4 Bb5+ 33. Kg1 f6
34. Bh3 Rc7 35. Be6+ Kf8 36. Bf5 Kf7 37. Bg4 Ke7 38. Bf5 g6 39. Bh3 Kd6 40. Rd2
Ke7 41. Rc2 Kd6 42. Rd2 Ke7 43. Rc2 Kd6 44. Rd2 Ke7 45. Ne6 Rc6 1/2-1/2

[Event "France Jeunes Belfort 2017"]
[Site "Belfort"]
[Date "2017.04.19"]
[Round "5.3"]
[White "Laurent-Paoli, Pierre"]
[Black "Mohammad, Fahim"]
[Result "1/2-1/2"]
[WhiteElo "2298"]
[BlackElo "2281"]
[PlyCount "128"]
[EventDate "2017.??.??"]
[TimeControl "6000+1465"]
[WhiteClock "0:02:29"]
[BlackClock "0:00:46"]

1. d4 d5 2. c4 dxc4 3. Nf3 Nf6 4. e3 Bg4 5. Bxc4 e6 6. Nc3 Nc6 7. h3 Bh5 8. Be2
Bd6 9. O-O O-O 10. b3 a6 11. Bb2 Qe7 12. Rc1 Rad8 13. Ne5 Nxe5 14. Bxh5 Ned7
15. Bf3 c6 16. Qc2 e5 17. Ne4 Nxe4 18. Bxe4 Nf6 19. dxe5 Bxe5 20. Bxe5 Qxe5 21.
Bf3 Rd6 22. Rfd1 Rfd8 23. Rxd6 Rxd6 24. b4 h6 25. a4 Ne8 26. Qa2 Nc7 27. Rc5
Qe6 28. Qc2 Qd7 29. Bg4 Qd8 30. Rc4 Rd2 31. Qf5 Ne8 32. Rc1 Rd5 33. Qf4 Qd6 34.
Qc4 Nc7 35. Bf3 Rd2 36. Qc3 g6 37. Rb1 h5 38. Qc5 Ne6 39. Qa5 Kh7 40. h4 Qc7
41. Qxc7 Nxc7 42. Kf1 Kg7 43. g4 hxg4 44. Bxg4 f5 45. Bf3 Kf6 46. Be2 Nd5 47.
Rb3 Ra2 48. b5 Rxa4 49. bxc6 bxc6 50. h5 Ra1+ 51. Kg2 gxh5 52. Bxh5 a5 53. Bf3
a4 54. Rb8 a3 55. Bxd5 cxd5 56. Ra8 Ke5 57. Kf3 Kd6 58. Ra5 Ra2 59. Kg3 Ke6 60.
Ra6+ Ke5 61. Kf3 Ra1 62. Ra5 Ra2 63. Ra6 Ra1 64. Ra5 Ra2 {Ke4+} 1/2-1/2

[Event "France Jeunes Belfort 2017"]
[Site "Belfort"]
[Date "2017.04.19"]
[Round "5.3"]
[White "Lomandong, Noela-Joyce"]
[Black "Romas, Lionia"]
[Result "1-0"]
[WhiteElo "1987"]
[BlackElo "1655"]
[PlyCount "59"]
[EventDate "2017.??.??"]
[TimeControl "6000+1170"]
[WhiteClock "0:33:25"]
[BlackClock "0:01:38"]

1. d4 Nf6 2. Nf3 d5 3. c4 c6 4. Nc3 e6 5. g3 Be7 6. Bg2 O-O 7. O-O Nbd7 8. Qc2
Re8 9. Rd1 Nb6 10. c5 Nbd7 11. b4 b6 12. Rb1 bxc5 13. bxc5 Qc7 14. Bf4 Qa5 15.
Bd2 Qc7 16. Bf4 Qa5 17. e4 Ba6 18. Bd2 dxe4 19. Nxe4 Qc7 20. Bf4 Qa5 21. Ne5
Bb5 22. Nxc6 Bxc6 23. Nxf6+ Bxf6 24. Bxc6 Rad8 25. Qa4 Qxa4 26. Bxa4 e5 27.
dxe5 Nxe5 28. Bxe8 Rxe8 29. Bxe5 Bxe5 30. Re1 1-0

[Event "France Jeunes Belfort 2017"]
[Site "Belfort"]
[Date "2017.04.19"]
[Round "5.3"]
[White "Papadiamandis, Elliot"]
[Black "Droin, Augustin"]
[Result "1-0"]
[WhiteElo "1944"]
[BlackElo "1738"]
[PlyCount "53"]
[EventDate "2017.??.??"]
[TimeControl "6000+480"]
[WhiteClock "0:57:36"]
[BlackClock "1:02:08"]

1. e4 c5 2. Nf3 d6 3. d4 cxd4 4. Nxd4 Nf6 5. Nc3 a6 6. f3 Nbd7 7. Be3 Qc7 8.
Qd2 e6 9. g4 h6 10. O-O-O Be7 11. h4 b5 12. Bh3 Nc5 13. g5 Ng8 14. g6 Nf6 15.
gxf7+ Kxf7 16. Rhg1 Qd8 17. b4 Nb7 18. Bxe6+ Kf8 19. Qg2 Nh5 20. Qg4 Qe8 21.
Nd5 Bd8 22. Bxc8 Qf7 23. Bxb7 Nf6 24. Ne6+ Ke8 25. Bc6+ Nd7 26. Nxg7+ Kf8 27.
Bxd7 1-0

[Event "France Jeunes Belfort 2017"]
[Site "Belfort"]
[Date "2017.04.19"]
[Round "5.3"]
[White "Trouve, Guillaume"]
[Black "Viel, Simon"]
[Result "0-1"]
[WhiteElo "2134"]
[BlackElo "2220"]
[PlyCount "122"]
[EventDate "2017.??.??"]
[TimeControl "6000+1520"]
[WhiteClock "0:04:01"]
[BlackClock "0:06:30"]

1. e4 e6 2. d4 d5 3. Nc3 Nf6 4. Bg5 Bb4 5. exd5 Qxd5 6. Nf3 Nbd7 7. Bd3 Ne4 8.
Bd2 Bxc3 9. bxc3 Nxd2 10. Qxd2 b6 11. c4 Qh5 12. Qf4 Bb7 13. Qxc7 Bxf3 14. gxf3
Qxf3 15. Rg1 Ke7 16. c5 bxc5 17. dxc5 Qd5 18. Qd6+ Qxd6 19. cxd6+ Kf6 20. Bb5
Rhd8 21. O-O-O Rab8 22. a4 Rb6 23. Rg3 Ne5 24. Rd4 Rbxd6 25. Rf4+ Ke7 26. Rxg7
Rd1+ 27. Kb2 Rb8 28. Kc3 Rc8+ 29. Kb3 Rb1+ 30. Ka2 Rh1 31. Rxh7 Rxc2+ 32. Kb3
Rhc1 33. Rh5 Rc3+ 34. Kb4 Nc6+ 35. Bxc6 Rxc6 36. Rb5 Rb1+ 37. Ka5 Rxb5+ 38.
axb5 Rc2 39. h4 f5 40. h5 Kf6 41. h6 Kg6 42. Rh4 Kh7 43. f4 Rc4 44. Ka6 Ra4+
45. Kb7 e5 46. Rh5 Rxf4 47. Kxa7 e4 48. b6 e3 49. b7 e2 50. Rh1 Ra4+ 51. Kb6
Rb4+ 52. Kc7 f4 53. b8=Q Rxb8 54. Kxb8 f3 55. Re1 Kxh6 56. Kc7 Kg5 57. Kd6 Kf4
58. Kd5 Ke3 59. Rh1 f2 60. Rh3+ Kd2 61. Kd4 e1=Q 0-1

[Event "France Jeunes Belfort 2017"]
[Site "Belfort"]
[Date "2017.04.19"]
[Round "5.4"]
[White "Auvray, Honorine"]
[Black "Dudognon, Thibault"]
[Result "0-1"]
[WhiteElo "1953"]
[BlackElo "2218"]
[PlyCount "116"]
[EventDate "2017.??.??"]
[TimeControl "6000+1145"]
[WhiteClock "0:02:55"]
[BlackClock "0:07:59"]

1. d4 d5 2. Bf4 c5 3. e3 Nf6 4. c3 Nc6 5. Nd2 cxd4 6. exd4 Bf5 7. Ngf3 e6 8.
Be2 Bd6 9. Bg3 h6 10. O-O Bxg3 11. hxg3 O-O 12. Ne5 Nxe5 13. dxe5 Nd7 14. Nf3
Qb6 15. b3 Be4 16. Re1 Rac8 17. Rc1 Qa5 18. Qd2 Rfd8 19. Bf1 a6 20. Nd4 b5 21.
f3 Bh7 22. f4 Qb6 23. b4 Qa7 24. Qf2 Rc7 25. g4 Rdc8 26. Qe3 Be4 27. Be2 Nb6
28. Bf3 Bxf3 29. Nxf3 Na4 30. Qxa7 Rxa7 31. f5 Nxc3 32. Nd4 Rac7 33. fxe6 fxe6
34. Kh2 Nxa2 35. Rxc7 Rxc7 36. Nxe6 Re7 37. Nd4 Nxb4 38. e6 g6 39. Kg3 Kg7 40.
Re3 Re8 41. Rf3 Re7 42. Re3 Kf6 43. Kf4 a5 44. Kg3 a4 45. Nxb5 Rxe6 46. Ra3 Ra6
47. Nc3 d4 48. Ne4+ Ke5 49. Nc5 Ra5 50. Rxa4 Rxa4 51. Nxa4 Ke4 52. Nc5+ Ke3 53.
g5 h5 54. Nb3 d3 55. Kh4 d2 56. Nxd2 Kxd2 57. g4 hxg4 58. Kxg4 Ke3 0-1

[Event "France Jeunes Belfort 2017"]
[Site "Belfort"]
[Date "2017.04.19"]
[Round "5.4"]
[White "Bellahcene, Meriem"]
[Black "Boulart, Emilie"]
[Result "1/2-1/2"]
[WhiteElo "1919"]
[BlackElo "1636"]
[PlyCount "157"]
[EventDate "2017.??.??"]
[TimeControl "6000+1290"]
[WhiteClock "0:00:51"]
[BlackClock "0:03:39"]

1. e4 c5 2. Nf3 Nc6 3. Bb5 Qb6 4. Bxc6 Qxc6 5. d3 g6 6. O-O Bg7 7. Nc3 d6 8. h3
Nf6 9. Re1 O-O 10. Bf4 b5 11. a3 a5 12. d4 b4 13. d5 Qb6 14. axb4 cxb4 15. Na4
Qc7 16. Nd4 Nd7 17. c3 bxc3 18. Nxc3 Ne5 19. Qc2 Bd7 20. Rec1 Rfc8 21. Qe2 Qb6
22. Be3 Nc4 23. Nc6 Nxe3 24. Nxe7+ Kf8 25. Nxc8 Rxc8 26. fxe3 Qb4 27. Qa6 Be5
28. Qe2 Kg7 29. Nd1 Rxc1 30. Rxc1 Qxe4 31. Qc4 Qf5 32. Nc3 Qg5 33. Qe4 Bxh3 34.
Qf3 Bxg2 35. Ne4 Bxf3+ 36. Nxg5 Bxd5 37. Ra1 Bxb2 38. Rxa5 Bc4 39. Ra7 h6 40.
Ne4 Be5 41. Re7 Bd5 42. Nf2 h5 43. e4 Be6 44. Kg2 g5 45. Ra7 Kg6 46. Ra3 h4 47.
Rd3 g4 48. Nh1 f5 49. exf5+ Bxf5 50. Ra3 Be4+ 51. Kg1 Bd4+ 52. Kh2 g3+ 53. Nxg3
hxg3+ 54. Kxg3 Be5+ 55. Kf2 Kf5 56. Ke3 d5 57. Kd2 Kf4 58. Ra8 d4 59. Rf8+ Bf5
60. Rf7 Ke4 61. Rf8 Bf4+ 62. Ke1 Bg4 63. Rd8 Kd3 64. Rg8 Bf3 65. Rf8 Ke3 66.
Re8+ Be4 67. Rd8 Kd3 68. Rd7 Bd2+ 69. Kf2 Be3+ 70. Ke1 Bf3 71. Rd8 Be2 72. Re8
Bd2+ 73. Kf2 Bd1 74. Rc8 Bc3 75. Rd8 Kd2 76. Kg3 d3 77. Kf4 Be2 78. Ke4 Ke1 79.
Rxd3 1/2-1/2

[Event "France Jeunes Belfort 2017"]
[Site "Belfort"]
[Date "2017.04.19"]
[Round "5.4"]
[White "Bellahcene, Sofia"]
[Black "David, Marie"]
[Result "1-0"]
[WhiteElo "1699"]
[BlackElo "1290"]
[PlyCount "61"]
[EventDate "2017.??.??"]
[TimeControl "6000+940"]
[WhiteClock "0:26:23"]
[BlackClock "0:31:32"]

1. e4 c6 2. d4 d5 3. exd5 cxd5 4. Bd3 Nc6 5. c3 g6 6. Bf4 Bg7 7. Nf3 Nh6 8. h3
f6 9. Na3 a6 10. Nc2 Nf7 11. c4 e5 12. dxe5 fxe5 13. cxd5 Qxd5 14. Bh2 e4 15.
Qe2 O-O 16. Bxe4 Qa5+ 17. Nd2 Bxb2 18. O-O Bxa1 19. Rxa1 Re8 20. f3 Bf5 21. Qf2
Bxe4 22. Nxe4 Qd8 23. Re1 Nfe5 24. Qe3 Kg7 25. f4 Nf7 26. Qc3+ Kg8 27. Nf6+ Kg7
28. Nxe8+ Kh6 29. Qg7+ Kh5 30. g4+ Kh4 31. Qxh7+ 1-0

[Event "France Jeunes Belfort 2017"]
[Site "Belfort"]
[Date "2017.04.19"]
[Round "5.4"]
[White "Boyer, Mahel"]
[Black "Harutyunyan, Ruben"]
[Result "0-1"]
[WhiteElo "2020"]
[BlackElo "2218"]
[PlyCount "68"]
[EventDate "2017.??.??"]
[TimeControl "6000+1450"]
[WhiteClock "0:06:18"]
[BlackClock "0:04:19"]

1. d4 g6 2. Nf3 Bg7 3. e3 d6 4. Be2 Nd7 5. O-O Ngf6 6. a4 O-O 7. a5 a6 8. c4 e5
9. Nc3 Re8 10. b4 e4 11. Nd2 Nf8 12. b5 h5 13. Ba3 N8h7 14. c5 d5 15. Nb3 c6
16. Na2 axb5 17. Nb4 Qc7 18. h3 Ng5 19. Kh1 Qd7 20. a6 bxa6 21. Na5 Qc7 22. Bc1
Bd7 23. Bd2 Qc8 24. f4 exf3 25. Bxf3 Nfe4 26. Be1 Re6 27. Bh4 Qe8 28. Nb7 Nxf3
29. gxf3 Nc3 30. Qd2 Rxe3 31. Bg5 Re2 32. Qxc3 Qe6 33. f4 Re3 34. f5 Qe4+ 0-1